[Event "95th Caplin Hastings Congress"]
[Site "Hastings"]
[Date "2020.01.02"]
[Round "6.57"]
[White "Bryant, Marc A"]
[Black "Lakshmi Raja Perumal K"]
[Result "1-0"]
[WhiteElo "1823"]
[BlackElo "1492"]
[Annotator "NA"]
[PlyCount "94"]
[EventDate "2019.12.28"]
[EventType "swiss"]
[EventCountry "ENG"]
[SourceTitle "playchess.com"]
[Source "ChessBase"]
[SourceQuality "1"]
[TimeControl "40/6600+30:3000+30"]

1. e4 {[%emt 0:14:46]} e5 {[%emt 0:09:39]} 2. Nf3 {[%emt 0:00:04]} Nc6 {[%emt 0:00:06]} 3. Bc4 {[%emt 0:00:02]} Bc5 {[%emt 0:00:42]} 4. b4 {[%emt 0:00:17]} Bxb4 {[%emt 0:00:18]} 5. c3 {[%emt 0:00:15]} Ba5 {[%emt 0:06:42]} 6. Qb3 {[%emt 0:02:40]} Bb6 {[%emt 0:08:47]} 7. Bxf7+ {[%emt 0:03:05]} Kf8 {[%emt 0:00:09]} 8. d3 {[%emt 0:09:25]} Qe7 {[%emt 0:07:23]} 9. Bxg8 {[%emt 0:01:22]} Rxg8 {[%emt 0:00:13]} 10. Bg5 {[%emt 0:00:42]} Qf7 {[%emt 0:00:47]} 11. Nbd2 {[%emt 0:00:35]} d6 {[%emt 0:06:27]} 12. Qxf7+ {[%emt 0:01:15]} Kxf7 {[%emt 0:00:12]} 13. Be3 {[%emt 0:00:59]} Re8 {[%emt 0:09:20]} 14. Bxb6 {[%emt 0:00:56]} axb6 {[%emt 0:00:12]} 15. O-O {[%emt 0:00:34]} Ra3 {[%emt 0:05:29]} 16. Nb3 {[%emt 0:01:29]} h6 {[%emt 0:02:19]} 17. Nfd2 {[%emt 0:00:37]} Na5 {[%emt 0:10:11]} 18. f4 {[%emt 0:01:27]} Kg8 {[%emt 0:00:59]} 19. f5 {[%emt 0:00:22]} c5 {[%emt 0:03:14]} 20. Nxa5 {[%emt 0:01:01]} bxa5 {[%emt 0:02:42]} 21. Rfc1 {[%emt 0:00:45]} b5 {[%emt 0:01:18]} 22. Nb1 {[%emt 0:01:02]} Ra4 {[%emt 0:01:20]} 23. Nd2 {[%emt 0:01:05]} d5 {[%emt 0:09:39]} 24. Nb3 {[%emt 0:01:36]} c4 {[%emt 0:04:10]} 25. Nc5 {[%emt 0:00:36]} Ra3 {[%emt 0:02:55]} 26. dxc4 {[%emt 0:03:29]} bxc4 {[%emt 0:02:38]} 27. g4 {[%emt 0:02:58]} d4 {[%emt 0:06:52]} 28. cxd4 {[%emt 0:01:29]} exd4 {[%emt 0:01:48]} 29. Rxc4 {[%emt 0:00:12]} d3 {[%emt 0:00:20]} 30. Rd4 {[%emt 0:00:29]} Kh7 {[%emt 0:04:52]} 31. Nxd3 {[%emt 0:00:09]} Rxd3 {[%emt 0:00:10]} 32. Rxd3 {[%emt 0:00:08]} Rxe4 {[%emt 0:00:30]} 33. h3 {[%emt 0:00:16]} h5 {[%emt 0:00:14]} 34. Rg3 {[%emt 0:00:51]} hxg4 {[%emt 0:01:41]} 35. hxg4 {[%emt 0:00:04]} Bb7 {[%emt 0:01:48]} 36. Rb1 {[%emt 0:00:11]} Bd5 {[%emt 0:00:26]} 37. Rb8 {[%emt 0:00:05]} g5 {[%emt 0:01:25]} 38. a3 {[%emt 0:00:22]} a4 {[%emt 0:00:15]} 39. Rb4 {[%emt 0:00:18]} Rxb4 {[%emt 0:00:24]} 40. axb4 {[%emt 0:00:09]} Kg7 {[%emt 0:00:54]} 41. Kf2 {[%emt 0:50:25]} Kf6 {[%emt 0:50:31]} 42. Re3 {[%emt 0:00:12]} Bc4 {[%emt 0:01:48]} 43. Kg3 {[%emt 0:00:16]} Bd5 {[%emt 0:00:06]} 44. b5 {[%emt 0:00:11]} Kg7 {[%emt 0:00:43]} 45. b6 {[%emt 0:00:14]} Kf6 {[%emt 0:00:06]} 46. Ra3 {[%emt 0:00:10]} Bc6 {[%emt 0:00:04]} 47. Rxa4 {[%emt 0:00:14]} Bxa4 {[%emt 0:00:05]} 1-0

[Event "95th Caplin Hastings Congress"]
[Site "Hastings"]
[Date "2020.01.02"]
[Round "6.58"]
[White "Cresswell, Mike J"]
[Black "Liu, Tianyi"]
[Result "1/2-1/2"]
[WhiteElo "1662"]
[BlackElo "1307"]
[Annotator "NA"]
[PlyCount "100"]
[EventDate "2019.12.28"]
[EventType "swiss"]
[EventCountry "ENG"]
[SourceTitle "playchess.com"]
[Source "ChessBase"]
[SourceQuality "1"]
[TimeControl "40/6600+30:3000+30"]

1. e4 {[%emt 0:09:43]} c5 {[%emt 0:11:31]} 2. Nf3 {[%emt 0:00:02]} e6 {[%emt 0:02:35]} 3. d4 {[%emt 0:00:49]} cxd4 {[%emt 0:01:22]} 4. Nxd4 {[%emt 0:00:43]} Nc6 {[%emt 0:01:19]} 5. a3 {[%emt 0:04:15]} Nf6 {[%emt 0:06:05]} 6. Nc3 {[%emt 0:01:15]} a6 {[%emt 0:10:10]} 7. Be3 {[%emt 0:04:16]} Qc7 {[%emt 0:02:37]} 8. Be2 {[%emt 0:05:27]} Be7 {[%emt 0:05:15]} 9. O-O {[%emt 0:04:30]} O-O {[%emt 0:01:45]} 10. f4 {[%emt 0:02:07]} d6 {[%emt 0:10:10]} 11. Kh1 {[%emt 0:05:22]} h6 {[%emt 0:13:09]} 12. Bf3 {[%emt 0:02:01]} Rd8 {[%emt 0:05:54]} 13. Nce2 {[%emt 0:04:25]} e5 {[%emt 0:03:44]} 14. Nxc6 {[%emt 0:11:58]} Qxc6 {[%emt 0:02:04]} 15. Ng3 {[%emt 0:16:21]} Bd7 {[%emt 0:08:39]} 16. fxe5 {[%emt 0:04:04]} dxe5 {[%emt 0:01:30]} 17. Qe2 {[%emt 0:00:39]} Rac8 {[%emt 0:03:19]} 18. Rac1 {[%emt 0:00:33]} Be6 {[%emt 0:01:36]} 19. Rfd1 {[%emt 0:02:43]} Rxd1+ {[%emt 0:04:11]} 20. Qxd1 {[%emt 0:00:13]} Qb5 {[%emt 0:03:52]} 21. Rb1 {[%emt 0:04:19]} Rd8 {[%emt 0:09:53]} 22. Qe1 {[%emt 0:05:41]} Qc6 {[%emt 0:04:10]} 23. Rc1 {[%emt 0:02:51]} Bc5 {[%emt 0:00:51]} 24. Qg1 {[%emt 0:01:39]} Be7 {[%emt 0:03:43]} 25. Qe1 {[%emt 0:02:45]} Ng4 {[%emt 0:01:11]} 26. Nf5 {[%emt 0:02:28]} Bxf5 {[%emt 0:01:05]} 27. exf5 {[%emt 0:00:16]} Qc4 {[%emt 0:00:19]} 28. b3 {[%emt 0:02:12]} Qc7 {[%emt 0:00:53]} 29. Bxg4 {[%emt 0:00:36]} Bxa3 {[%emt 0:00:09]} 30. Rd1 {[%emt 0:02:08]} Re8 {[%emt 0:00:47]} 31. Bc1 {[%emt 0:01:53]} Bc5 {[%emt 0:00:42]} 32. f6 {[%emt 0:00:56]} gxf6 {[%emt 0:00:35]} 33. Bxh6 {[%emt 0:00:44]} Bf8 {[%emt 0:00:20]} 34. Bxf8 {[%emt 0:01:00]} Kxf8 {[%emt 0:00:27]} 35. Qd2 {[%emt 0:00:42]} Kg8 {[%emt 0:00:26]} 36. Bf5 {[%emt 0:03:18]} Kg7 {[%emt 0:00:30]} 37. Qf2 {[%emt 0:01:34]} Rd8 {[%emt 0:00:24]} 38. Qg3+ {[%emt 0:02:49]} Kf8 {[%emt 0:00:15]} 39. Rxd8+ {[%emt 0:00:49]} Qxd8 {[%emt 0:00:10]} 40. Qd3 {[%emt 0:00:47]} Qa5 {[%emt 0:00:23]} 41. h4 {[%emt 0:50:41]} Qe1+ {[%emt 0:50:48]} 42. Kh2 {[%emt 0:00:05]} Qxh4+ {[%emt 0:00:09]} 43. Kg1 {[%emt 0:02:10]} Qe1+ {[%emt 0:00:33]} 44. Qf1 {[%emt 0:00:37]} Qe3+ {[%emt 0:00:08]} 45. Qf2 {[%emt 0:01:05]} Qc1+ {[%emt 0:00:15]} 46. Kh2 {[%emt 0:00:31]} Qh6+ {[%emt 0:00:23]} 47. Bh3 {[%emt 0:00:31]} Qg5 {[%emt 0:00:00]} 48. Qf5 {[%emt 0:00:00]} Qd2 {[%emt 0:00:00]} 49. Qc8+ {[%emt 0:00:00]} Kg7 {[%emt 0:00:00]} 50. Qc4 {[%emt 0:00:00]} Qd6 {[%emt 0:00:00]} 1/2-1/2

[Event "95th Caplin Hastings Congress"]
[Site "Hastings"]
[Date "2020.01.02"]
[Round "6.59"]
[White "Stoyanov, Boris"]
[Black "Zheng, Harry Z"]
[Result "0-1"]
[WhiteElo "1504"]
[BlackElo "1705"]
[Annotator "NA"]
[PlyCount "110"]
[EventDate "2019.12.28"]
[EventType "swiss"]
[EventCountry "ENG"]
[SourceTitle "playchess.com"]
[Source "ChessBase"]
[SourceQuality "1"]
[TimeControl "40/6600+30:3000+30"]

1. e4 {[%emt 0:11:09]} e5 {[%emt 0:09:35]} 2. Nf3 {[%emt 0:00:25]} Nc6 {[%emt 0:00:07]} 3. Nc3 {[%emt 0:00:07]} Nf6 {[%emt 0:00:08]} 4. Be2 {[%emt 0:00:12]} d5 {[%emt 0:01:44]} 5. exd5 {[%emt 0:10:36]} Nxd5 {[%emt 0:00:16]} 6. O-O {[%emt 0:00:35]} Nxc3 {[%emt 0:03:10]} 7. dxc3 {[%emt 0:01:19]} Qxd1 {[%emt 0:00:27]} 8. Rxd1 {[%emt 0:00:33]} f6 {[%emt 0:01:17]} 9. Be3 {[%emt 0:06:13]} Be6 {[%emt 0:01:30]} 10. a3 {[%emt 0:03:57]} Be7 {[%emt 0:04:56]} 11. Nd2 {[%emt 0:13:53]} O-O-O {[%emt 0:07:07]} 12. b4 {[%emt 0:04:51]} f5 {[%emt 0:12:45]} 13. Nb3 {[%emt 0:03:16]} f4 {[%emt 0:15:45]} 14. Bc5 {[%emt 0:05:14]} Bf6 {[%emt 0:09:22]} 15. b5 {[%emt 0:18:21]} Ne7 {[%emt 0:03:15]} 16. Bxe7 {[%emt 0:16:44]} Bxe7 {[%emt 0:00:10]} 17. Bf3 {[%emt 0:01:37]} Bxb3 {[%emt 0:14:04]} 18. cxb3 {[%emt 0:00:38]} Rxd1+ {[%emt 0:08:56]} 19. Rxd1 {[%emt 0:02:20]} Bxa3 {[%emt 0:09:03]} 20. b4 {[%emt 0:02:58]} Bb2 {[%emt 0:00:54]} 21. Rd3 {[%emt 0:03:48]} a6 {[%emt 0:08:08]} 22. bxa6 {[%emt 0:01:59]} bxa6 {[%emt 0:00:08]} 23. Kf1 {[%emt 0:00:32]} c5 {[%emt 0:01:26]} 24. bxc5 {[%emt 0:00:59]} a5 {[%emt 0:01:43]} 25. Bc6 {[%emt 0:04:44]} Rd8 {[%emt 0:03:23]} 26. Rxd8+ {[%emt 0:00:36]} Kxd8 {[%emt 0:00:05]} 27. c4 {[%emt 0:01:39]} Bd4 {[%emt 0:00:08]} 28. Be4 {[%emt 0:00:13]} h6 {[%emt 0:00:12]} 29. c6 {[%emt 0:01:04]} a4 {[%emt 0:00:05]} 30. Bd5 {[%emt 0:01:21]} a3 {[%emt 0:00:07]} 31. c5 {[%emt 0:00:03]} Bxc5 {[%emt 0:00:04]} 32. Ke2 {[%emt 0:00:12]} Kc7 {[%emt 0:00:59]} 33. f3 {[%emt 0:00:26]} Kd6 {[%emt 0:00:08]} 34. Ba2 {[%emt 0:00:05]} Kxc6 {[%emt 0:00:06]} 35. Kd3 {[%emt 0:00:23]} Be7 {[%emt 0:00:54]} 36. Kc4 {[%emt 0:00:46]} Kb6 {[%emt 0:02:06]} 37. Bb3 {[%emt 0:02:11]} Kc6 {[%emt 0:01:38]} 38. Ba4+ {[%emt 0:00:35]} Kd6 {[%emt 0:00:14]} 39. Bb3 {[%emt 0:00:13]} Ke6 {[%emt 0:00:11]} 40. Kd3+ {[%emt 0:01:09]} Kf5 {[%emt 0:00:10]} 41. Kc4 {[%emt 0:50:37]} e4 {[%emt 0:51:59]} 42. Kd4 {[%emt 0:00:00]} e3 {[%emt 0:00:00]} 43. Kd3 {[%emt 0:00:00]} Ke5 {[%emt 0:00:00]} 44. Ba2 {[%emt 0:00:00]} h5 {[%emt 0:00:00]} 45. Bb3 {[%emt 0:00:00]} g5 {[%emt 0:00:00]} 46. h3 {[%emt 0:00:00]} Kf5 {[%emt 0:00:00]} 47. Ke2 {[%emt 0:00:00]} g4 {[%emt 0:00:00]} 48. Bc4 {[%emt 0:00:00]} gxh3 {[%emt 0:00:00]} 49. gxh3 {[%emt 0:00:00]} Kg5 {[%emt 0:00:00]} 50. Kf1 {[%emt 0:00:00]} Kh4 {[%emt 0:00:00]} 51. Kg2 {[%emt 0:00:00]} Bc5 {[%emt 0:00:00]} 52. Kf1 {[%emt 0:00:00]} Kg3 {[%emt 0:00:00]} 53. Ke2 {[%emt 0:00:00]} Kxh3 {[%emt 0:00:00]} 54. Bd5 {[%emt 0:00:00]} Kg3 {[%emt 0:00:00]} 55. Kf1 {[%emt 0:00:00]} h4 {[%emt 0:00:00]} 0-1

[Event "95th Caplin Hastings Congress"]
[Site "Hastings"]
[Date "2020.01.03"]
[Round "7.1"]
[White "Bagi, Mate"]
[Black "Panchanathan, Magesh Chandran"]
[Result "1/2-1/2"]
[WhiteElo "2466"]
[BlackElo "2482"]
[Annotator "ChessBase"]
[PlyCount "31"]
[EventDate "2019.12.28"]
[EventType "swiss"]
[EventCountry "ENG"]
[SourceTitle "playchess.com"]
[Source "ChessBase"]
[SourceQuality "1"]
[TimeControl "40/6600+30:3000+30"]

1. e4 {[%emt 0:09:34]} e5 {[%emt 0:15:03]} 2. Nf3 {[%emt 0:00:11]} Nc6 {[%emt 0:00:21]} 3. Bb5 {[%emt 0:00:35]} a6 {[%emt 0:00:06]} 4. Ba4 {[%emt 0:00:07]} Nf6 {[%emt 0:00:06]} 5. Nc3 {[%emt 0:05:02]} Bd6 {[%emt 0:01:39]} 6. d3 {[%emt 0:05:31]} h6 {[%emt 0:00:19]} 7. a3 {[%emt 0:05:35]} b5 {[%emt 0:08:08]} 8. Bb3 {[%emt 0:00:08]} Bc5 {[%emt 0:00:15]} 9. Nd5 {[%emt 0:09:24]} d6 {[%emt 0:02:16]} 10. c3 {[%emt 0:03:40]} Ba7 {[%emt 0:02:20]} 11. O-O {[%emt 0:13:09]} O-O {[%emt 0:00:15]} 12. Be3 {[%emt 0:08:26]} Be6 {[%emt 0:09:23]} 13. a4 {[%emt 0:08:50]} Nd7 {[%emt 0:22:21]} 14. axb5 {[%emt 0:07:18]} axb5 {[%emt 0:01:09]} 15. Bxa7 {[%emt 0:06:28]} Rxa7 {[%emt 0:01:38]} 16. Rxa7 {[%emt 0:00:50]} 1/2-1/2

[Event "95th Caplin Hastings Congress"]
[Site "Hastings"]
[Date "2020.01.03"]
[Round "7.2"]
[White "Wadsworth, Matthew J"]
[Black "Edouard, Romain"]
[Result "0-1"]
[WhiteElo "2401"]
[BlackElo "2640"]
[Annotator "TA"]
[PlyCount "90"]
[EventDate "2019.12.28"]
[EventType "swiss"]
[EventCountry "ENG"]
[SourceTitle "playchess.com"]
[Source "ChessBase"]
[SourceQuality "1"]

{[%evp 9,90,-35,-36,-40,-39,-70,-53,-57,-29,-35,0,1,60,62,79,76,68,0,0,0,0,0,0,8,14,10,42,49,62,0,0,0,0,-9,0,-96,-65,-84,17,30,167,158,171,159,160,162,170,16,27,0,0,-33,-30,-38,0,-39,-33,-58,-56,-147,-147,-183,-190,-233,-228,-722,-718,-701,-686,-664,-639,-1212,-1193,-1072,-1100,-5206,-5030,-29979,-29980,-29976,-5220,-5197,-5185]} 1. Nf3 c5 2. b3 d5 3. Bb2 f6 4. c4 (4. g3 e5 5. Bg2 Nc6 6. O-O Be6 7. c4 d4 8. e3 Nge7 9. d3 Ng6 10. exd4 cxd4 11. Ba3 Bxa3 12. Nxa3 {0-1 (28) Nakamura,H (2746)-Korobov,A (2698) St Petersburg 2018}) 4... d4 5. b4 e5 6. bxc5 {A06: Réti Opening:1 Nf3 d5} Bxc5 7. d3 Nc6 8. g3 {Black is slightly better.} f5 9. Bg2 e4 $146 ({Predecessor:} 9... Nf6 10. O-O O-O 11. Nbd2 Qd6 12. Nb3 {1-0 (30) Rubzova,T (2297)-Koroljova,V (2200) St Petersburg 1999}) 10. Nfd2 e3 (10... Nf6 $1 $11) 11. fxe3 $14 Nf6 12. Bxc6+ bxc6 13. exd4 ({White should try} 13. Qa4 $1 $14 Qb6 14. Bxd4) 13... Bxd4 $11 14. Bxd4 Qxd4 15. Nb3 Qd6 16. Qd2 O-O 17. Nc3 {[%cal Bb1c3,Bc3a4,Ba4b6,Bb6d5][%mdl 32]} a5 18. Na4 Ng4 19. c5 (19. O-O $1 $14) 19... Qe7 20. O-O $36 {[%mdl 2048] White fights for an advantage.} Be6 21. Nd4 Bd5 22. Qf4 (22. Rxf5 $11 {remains equal.} Ne3 23. Rxf8+ Rxf8 24. Nc3) 22... Rad8 23. Nb6 g5 (23... Qxc5 $17 24. Nxd5 Rxd5) 24. Nxf5 Qxc5+ (24... Rxf5 $11 {and Black is okay.} 25. Qxf5 Qe3+ 26. Rf2 Be6) 25. Qd4 $18 Qxd4+ 26. Nxd4 Rxf1+ 27. Rxf1 Ne3 28. Nxd5 $2 (28. Rc1 $1 $18) 28... Nxf1 {[%mdl 4096] Endgame KRN-KNN} 29. Ne7+ Kh8 30. Ndf5 Nd2 31. Nxc6 Rd5 32. Nfd4 Rc5 {[%mdl 1024] Black has compensation.} 33. a4 Nb1 34. e4 (34. Kf1 $15) 34... Nc3 $17 35. e5 {[#]} Kg8 $1 36. Ne7+ Kf7 37. Ndc6 $2 (37. Nb3 Rxe5 38. Nc6 Re1+ 39. Kf2 Re2+ 40. Kg1) 37... Nxa4 $19 38. d4 Rc1+ 39. Kf2 Nb6 40. Ke3 a4 {[%cal Ba5a4,Ba4a3,Ba3a2][%mdl 32]} 41. Kd2 Rc4 42. Kd3 a3 43. d5 a2 44. e6+ Kf8 (44... Kf6 $142 45. Na5 a1=Q 46. Ng8+ {[#]} Kg7 $1 {[%mdl 512]} 47. Nxc4 Qf1+ 48. Ke3 Qxc4 49. Kd2 Qxd5+ 50. Kc2 Kxg8 51. Kc3 Qxe6 52. h4 Qc4+ 53. Kd2 Qb3 54. h5 Nc4+ 55. Ke2 Qe3+ 56. Kf1 Qd2 57. Kg1 Ne3 58. h6 Qg2#) 45. Nf5 {[#]} Rxc6 $1 {[%mdl 512] Accuracy: White = 36%, Black = 46%.} 0-1

[Event "95th Caplin Hastings Congress"]
[Site "Hastings"]
[Date "2020.01.03"]
[Round "7.3"]
[White "Petrov, Martin"]
[Black "Hebden, Mark L"]
[Result "1/2-1/2"]
[WhiteElo "2504"]
[BlackElo "2434"]
[Annotator "ChessBase"]
[PlyCount "104"]
[EventDate "2019.12.28"]
[EventType "swiss"]
[EventCountry "ENG"]
[SourceTitle "playchess.com"]
[Source "ChessBase"]
[SourceQuality "1"]
[TimeControl "40/6600+30:3000+30"]

1. e4 {[%emt 0:11:15]} e5 {[%emt 0:09:42]} 2. Nf3 {[%emt 0:00:25]} Nc6 {[%emt 0:00:11]} 3. Bc4 {[%emt 0:00:13]} Nf6 {[%emt 0:00:12]} 4. d3 {[%emt 0:00:07]} Be7 {[%emt 0:00:51]} 5. O-O {[%emt 0:00:08]} O-O {[%emt 0:00:12]} 6. Re1 {[%emt 0:00:08]} d6 {[%emt 0:00:20]} 7. a3 {[%emt 0:00:04]} Be6 {[%emt 0:08:18]} 8. Nbd2 {[%emt 0:00:56]} Nd7 {[%emt 0:06:25]} 9. b4 {[%emt 0:02:48]} Nb6 {[%emt 0:01:30]} 10. Bxe6 {[%emt 0:00:36]} fxe6 {[%emt 0:00:05]} 11. b5 {[%emt 0:08:56]} Nd4 {[%emt 0:02:58]} 12. Nxd4 {[%emt 0:00:42]} exd4 {[%emt 0:00:06]} 13. Nf3 {[%emt 0:00:06]} e5 {[%emt 0:10:07]} 14. c3 {[%emt 0:05:24]} dxc3 {[%emt 0:00:43]} 15. Qb3+ {[%emt 0:05:33]} Kh8 {[%emt 0:00:41]} 16. a4 {[%emt 0:11:23]} c5 {[%emt 0:08:56]} 17. bxc6 {[%emt 0:00:39]} bxc6 {[%emt 0:00:16]} 18. Qxc3 {[%emt 0:01:33]} c5 {[%emt 0:06:50]} 19. Be3 {[%emt 0:05:51]} Rb8 {[%emt 0:01:04]} 20. Nd2 {[%emt 0:07:40]} Bg5 {[%emt 0:00:51]} 21. a5 {[%emt 0:08:42]} Bxe3 {[%emt 0:00:38]} 22. fxe3 {[%emt 0:03:34]} Na8 {[%emt 0:00:08]} 23. Rf1 {[%emt 0:03:22]} Nc7 {[%emt 0:05:22]} 24. Rxf8+ {[%emt 0:02:16]} Qxf8 {[%emt 0:00:08]} 25. Rf1 {[%emt 0:01:09]} Qd8 {[%emt 0:04:10]} 26. Nc4 {[%emt 0:01:15]} Qe7 {[%emt 0:00:50]} 27. h3 {[%emt 0:11:54]} h6 {[%emt 0:01:21]} 28. Kh2 {[%emt 0:01:14]} Na6 {[%emt 0:04:14]} 29. d4 {[%emt 0:06:46]} exd4 {[%emt 0:09:10]} 30. exd4 {[%emt 0:00:05]} Qxe4 {[%emt 0:01:10]} 31. dxc5 {[%emt 0:00:30]} dxc5 {[%emt 0:00:56]} 32. Rf7 {[%emt 0:00:18]} Qd4 {[%emt 0:00:29]} 33. Qxd4 {[%emt 0:13:28]} cxd4 {[%emt 0:00:06]} 34. Rxa7 {[%emt 0:00:03]} Nc5 {[%emt 0:03:14]} 35. Rc7 {[%emt 0:01:18]} Na6 {[%emt 0:04:52]} 36. Rc6 {[%emt 0:02:32]} Ra8 {[%emt 0:00:40]} 37. Kg3 {[%emt 0:01:25]} Nb4 {[%emt 0:01:44]} 38. Rb6 {[%emt 0:00:05]} Nd5 {[%emt 0:00:46]} 39. Rd6 {[%emt 0:00:48]} Rc8 {[%emt 0:05:22]} 40. Nb6 {[%emt 0:04:14]} Rc3+ {[%emt 0:00:39]} 41. Kf2 {[%emt 0:12:11]} Nxb6 {[%emt 0:03:17]} 42. axb6 {[%emt 0:01:46]} Rb3 {[%emt 0:00:08]} 43. Ke2 {[%emt 0:06:55]} h5 {[%emt 0:02:17]} 44. Kd2 {[%emt 0:01:37]} d3 {[%emt 0:00:48]} 45. Ke3 {[%emt 0:01:10]} Kg8 {[%emt 0:04:41]} 46. Kd4 {[%emt 0:04:52]} Kf7 {[%emt 0:00:11]} 47. Kc4 {[%emt 0:00:36]} Rb1 {[%emt 0:00:18]} 48. Kc5 {[%emt 0:06:24]} Rb3 {[%emt 0:00:22]} 49. Kc6 {[%emt 0:03:41]} Ke7 {[%emt 0:00:33]} 50. Rd4 {[%emt 0:00:57]} Rc3+ {[%emt 0:00:24]} 51. Kd5 {[%emt 0:00:44]} Rb3 {[%emt 0:03:08]} 52. Kc6 {[%emt 0:01:30]} Rc3+ {[%emt 0:00:35]} 1/2-1/2

[Event "95th Caplin Hastings Congress"]
[Site "Hastings"]
[Date "2020.01.03"]
[Round "7.4"]
[White "Van den Doel, Erik"]
[Black "Lalic, Bogdan"]
[Result "1/2-1/2"]
[WhiteElo "2588"]
[BlackElo "2402"]
[Annotator "TA"]
[PlyCount "86"]
[EventDate "2019.12.28"]
[EventType "swiss"]
[EventCountry "ENG"]
[SourceTitle "playchess.com"]
[Source "ChessBase"]
[SourceQuality "1"]

{[%evp 13,86,-4,-7,-7,-7,0,-13,-5,0,0,9,0,11,4,18,6,15,22,14,12,18,15,8,0,25,25,27,24,35,28,48,40,49,39,56,39,55,13,54,52,53,53,62,53,73,68,80,79,79,65,64,50,66,0,0,0,0,0,0,0,0,0,0,0,0,0,0,0,0,0,0,0,0,0,0]} 1. e4 e5 2. Nf3 Nf6 3. d4 Nxe4 4. Bd3 Nc6 5. d5 Nc5 6. dxc6 e4 7. cxb7 Bxb7 8. Be2 {[#] Black must now prevent Nd4. C43: Petroff Defence: 3 d4} exf3 9. Bxf3 Bxf3 10. Qxf3 Be7 (10... Bd6 11. Bg5 Qb8 12. Nc3 Ne6 13. h4 c6 14. O-O-O O-O 15. Kb1 a5 {0-1 (34) Mamedyarov,S (2660)-Bruzon Batista,L (2637) Pamplona 2004}) 11. O-O O-O 12. c4 c6 $146 ({Predecessor:} 12... Rb8 13. Nc3 c6 14. Rb1 Qa5 {½-½ (42) Kutuzovic,B (2425)-Kos,T (2300) Pula 1998}) 13. Nc3 Bf6 14. Rb1 Re8 15. b3 Ne6 16. Rd1 Qc7 17. Ne4 Be5 18. g3 Rad8 19. c5 d5 20. cxd6 $1 Bxd6 21. Ng5 h6 22. Nxe6 Rxe6 23. Be3 Be7 24. Rxd8+ Bxd8 25. Rc1 Bg5 26. Bxg5 hxg5 $14 {[%mdl 4096] Endgame KQR-KQR} 27. Rc5 f6 28. Kg2 Qb6 29. Qc3 Rd6 30. Qc4+ Kf8 31. b4 Qb7 32. a4 Qd7 33. b5 ({White should play} 33. Ra5 $14) 33... cxb5 $1 $11 {The position is equal.} 34. axb5 {[#] Strongly threatening Rc8+.} Qe6 35. Qc2 Kf7 36. h3 Rd7 37. Kh2 Re7 38. Qd1 Qe2 39. Qd5+ Qe6 40. Qf3 Qe2 41. Qb3+ Qe6 42. Rd5 Kg6 43. Qc2+ Qe4 {Accuracy: White = 65%, Black = 55%.} 1/2-1/2

[Event "95th Caplin Hastings Congress"]
[Site "Hastings"]
[Date "2020.01.03"]
[Round "7.5"]
[White "Petrov, Vladimir Sergeev"]
[Black "Sengupta, Deep"]
[Result "0-1"]
[WhiteElo "2353"]
[BlackElo "2550"]
[Annotator "ChessBase"]
[PlyCount "102"]
[EventDate "2019.12.28"]
[EventType "swiss"]
[EventCountry "ENG"]
[SourceTitle "playchess.com"]
[Source "ChessBase"]
[SourceQuality "1"]
[TimeControl "40/6600+30:3000+30"]

1. e4 {[%emt 0:10:38]} e6 {[%emt 0:10:42]} 2. d4 {[%emt 0:00:10]} d5 {[%emt 0:00:04]} 3. Nd2 {[%emt 0:00:07]} c5 {[%emt 0:00:03]} 4. exd5 {[%emt 0:00:07]} Qxd5 {[%emt 0:00:05]} 5. Ngf3 {[%emt 0:00:10]} cxd4 {[%emt 0:00:06]} 6. Bc4 {[%emt 0:00:05]} Qd8 {[%emt 0:00:03]} 7. O-O {[%emt 0:03:23]} Nc6 {[%emt 0:00:05]} 8. Nb3 {[%emt 0:01:24]} a6 {[%emt 0:00:05]} 9. a4 {[%emt 0:02:29]} Nf6 {[%emt 0:02:23]} 10. Qe2 {[%emt 0:01:14]} Bd6 {[%emt 0:02:14]} 11. Rd1 {[%emt 0:00:44]} Qe7 {[%emt 0:00:23]} 12. Nbxd4 {[%emt 0:01:34]} Nxd4 {[%emt 0:00:05]} 13. Rxd4 {[%emt 0:00:15]} e5 {[%emt 0:01:12]} 14. Rxd6 {[%emt 0:00:29]} Qxd6 {[%emt 0:00:02]} 15. b3 {[%emt 0:00:10]} e4 {[%emt 0:00:04]} 16. Ba3 {[%emt 0:04:53]} Qf4 {[%emt 0:00:05]} 17. Qe1 {[%emt 0:37:46]} Be6 {[%emt 0:00:43]} 18. Rd1 {[%emt 0:05:43]} Rd8 {[%emt 0:16:44]} 19. Nd2 {[%emt 0:15:51]} Ng4 {[%emt 0:27:03]} 20. g3 {[%emt 0:00:41]} Qf5 {[%emt 0:00:05]} 21. Bf1 {[%emt 0:16:25]} e3 {[%emt 0:09:39]} 22. fxe3 {[%emt 0:00:43]} Qe5 {[%emt 0:10:48]} 23. Nc4 {[%emt 0:03:41]} Rxd1 {[%emt 0:02:14]} 24. Qxd1 {[%emt 0:01:08]} Bxc4 {[%emt 0:00:12]} 25. Bxc4 {[%emt 0:01:59]} Qxe3+ {[%emt 0:00:06]} 26. Kg2 {[%emt 0:00:09]} Qf2+ {[%emt 0:01:39]} 27. Kh3 {[%emt 0:00:07]} Ne3 {[%emt 0:00:03]} 28. Qe2 {[%emt 0:04:38]} Qxe2 {[%emt 0:00:40]} 29. Bxe2 {[%emt 0:00:03]} Nxc2 {[%emt 0:01:16]} 30. Bc5 {[%emt 0:00:57]} Kd7 {[%emt 0:00:27]} 31. Bd3 {[%emt 0:04:07]} Kc6 {[%emt 0:00:35]} 32. Bg1 {[%emt 0:02:03]} Nb4 {[%emt 0:01:07]} 33. Be4+ {[%emt 0:00:18]} Kc7 {[%emt 0:00:06]} 34. a5 {[%emt 0:00:44]} Re8 {[%emt 0:01:35]} 35. Bb6+ {[%emt 0:00:26]} Kb8 {[%emt 0:00:04]} 36. Bf3 {[%emt 0:00:27]} Nc6 {[%emt 0:00:30]} 37. Bd5 {[%emt 0:00:37]} f6 {[%emt 0:00:41]} 38. Kg4 {[%emt 0:01:55]} Re5 {[%emt 0:00:23]} 39. Bg8 {[%emt 0:00:14]} Nxa5 {[%emt 0:00:30]} 40. b4 {[%emt 0:00:25]} Nc6 {[%emt 0:00:05]} 41. Bc5 {[%emt 0:50:13]} Kc7 {[%emt 0:50:56]} 42. Bxh7 {[%emt 0:00:26]} a5 {[%emt 0:00:07]} 43. Bf8 {[%emt 0:01:12]} axb4 {[%emt 0:00:05]} 44. Kf4 {[%emt 0:00:00]} b3 {[%emt 0:00:00]} 45. Bg6 {[%emt 0:00:00]} Nd4 {[%emt 0:00:00]} 46. Ba3 {[%emt 0:00:00]} Re2 {[%emt 0:00:00]} 47. h4 {[%emt 0:00:00]} b2 {[%emt 0:00:00]} 48. Bd3 {[%emt 0:00:00]} Rd2 {[%emt 0:00:00]} 49. Be4 {[%emt 0:00:00]} Rf2+ {[%emt 0:00:00]} 50. Ke3 {[%emt 0:00:00]} Re2+ {[%emt 0:00:00]} 51. Kxd4 {[%emt 0:00:00]} Rxe4+ {[%emt 0:00:00]} 0-1